000 00781nam a2200229Ii 4500
003 JO-AjNU
008 230605s9999||||xx |||||||||||||| ||und||
017 _a2009/4/2131
020 _a978-9957-24-472-9
040 _aJO-AjNU
_bara
_erda
_cJO-AjNU
041 _aara
050 1 4 _aHG8051.A2842 2010
100 3 _aابو بكر، عيد احمد,
_eauthor
_930106
245 0 0 _aدراسات وبحوث في التأمين : بحوث علمية محكمة
250 _aط1
264 3 1 _aعمان: دار صفاء للنشر والتوزيع، 2010
300 _a416ص
_bيحتوي على ببلوغرافية من 411-416ص
336 _atext
_btxt
_2rdacontent
337 _aunmediated
_bn
_2rdamedia
338 _avolume
_bnc
_2rdacarrier
650 4 _aالتأمين
_930107
999 _aA11895
_c15463
_d15463